[Event "Almaty Open 2018"]
[Site "Almaty"]
[Date "2018.10.16"]
[Round "1"]
[White "Yudin, Sergei"]
[Black "Moisseyenko, Ilya"]
[Result "1-0"]
[WhiteElo "2526"]
[BlackElo "2300"]
[Annotator "TA"]
[PlyCount "118"]
[EventDate "2018.10.16"]
[EventType "swiss"]
[EventCountry "KAZ"]
[SourceTitle "playchess.com"]
[Source "ChessBase"]
[SourceQuality "1"]

{[%evp 32,118,8,6,21,5,3,0,0,0,0,0,0,-8,0,-2,-2,-3,0,0,0,-7,0,0,0,0,0,0,13,10,10,12,10,13,13,12,12,10,47,47,47,48,50,23,23,23,23,20,20,20,20,9,9,9,10,10,14,8,20,20,22,22,26,22,26,20,30,10,17,18,22,22,33,33,33,8,22,12,33,10,28,14,35,35,70,70,70,70,70]} 1. Nf3 Nf6 2. b3 g6 3. Bb2 Bg7 4. c4 c5 5. g3 b6 6. Bg2 Bb7 7. O-O O-O 8. Nc3 d5 9. Nxd5 Nxd5 10. Bxg7 Kxg7 11. cxd5 Qxd5 12. d4 cxd4 13. Qxd4+ Qxd4 14. Nxd4 Bxg2 15. Kxg2 Rc8 16. Rac1 {A30: Symmetrical English: Double Fianchetto and Hedgehog} Nd7 17. Rfd1 {LiveBook: 9 Games. next Ne6+! is good for White.} Nc5 {[#]} 18. Rc4 $146 {The position is equal.} ({Predecessor:} 18. f4 a5 19. Kf3 f5 20. Ke3 Kf6 21. Rc4 Rd8 22. Rcc1 Rac8 23. Nf3 Rxd1 24. Rxd1 {½-½ (31) Ernst,S (2540)-Ducarmon,Q (2474) Germany 2015}) 18... a5 19. a3 Rd8 {[#] Threatens to win with ...e5.} 20. Rb1 Rd6 21. b4 axb4 22. axb4 Ne6 23. Nf3 Ra2 24. e3 h6 25. h4 g5 26. hxg5 hxg5 27. g4 f6 28. Kg3 Ra4 29. Rc8 b5 30. Rb8 Rd5 31. Rb7 Kf7 32. Rh1 Rxb4 33. Rh7+ Ng7 34. Nd4 Rdxd4 35. exd4 Rxd4 36. Rxb5 $11 {[%mdl 4096] Endgame KRR-KRN} Rd3+ 37. f3 Kg6 38. Rh2 Ne6 39. Rb7 Nd4 40. Rf2 Re3 41. Rd7 Ne2+ 42. Kh2 Kf7 43. Rd2 Nf4 44. Rd4 Nd3 45. Rf1 Ne5 46. Kg3 Ra3 47. Rb4 Rc3 48. Rb7 Ra3 49. Kg2 Ra2+ 50. Rf2 Ra3 51. Kg3 Rc3 52. Rb8 Ra3 53. Rh8 Kg7 54. Rh1 Rb3 55. Kg2 Ra3 56. Re2 Ng6 57. Kf2 {White is slightly better.} Ne5 58. Re3 Ra2+ 59. Kg3 Ng6 {Precision: White = 60%, Black = 57%.} 1-0

[Event "Almaty Open 2018"]
[Site "Almaty"]
[Date "2018.10.16"]
[Round "1"]
[White "Utegaliyev, Azamat"]
[Black "Daurimbetov, A."]
[Result "1/2-1/2"]
[WhiteElo "2517"]
[BlackElo "2282"]
[Annotator "TA"]
[PlyCount "92"]
[EventDate "2018.10.16"]
[EventType "swiss"]
[EventCountry "KAZ"]
[SourceTitle "playchess.com"]
[Source "ChessBase"]
[SourceQuality "1"]

{[%evp 23,92,33,51,54,55,44,53,50,55,43,73,56,85,75,87,88,89,58,68,68,68,68,68,68,60,54,83,35,50,50,62,56,73,67,52,54,84,68,68,25,25,25,27,0,50,0,2,0,0,0,0,0,0,0,0,0,0,0,3,0,3,0,10,0,0,0,0,0,0,0,0]} 1. c4 Nf6 2. Nc3 g6 3. g3 Bg7 4. Bg2 e5 5. Nf3 d6 6. O-O O-O 7. d4 Nbd7 8. e4 a5 9. Re1 exd4 10. Nxd4 Nc5 11. h3 Re8 12. b3 {[%cal Bb2b3,Bb3b4][%mdl 32]} a4 {LiveBook: 5 Partien. E68: Königsindisch (Hauptvariante des g3-Systems mit e2-e4)} (12... Bd7 13. Rb1 h6 14. Kh2 c6 15. f3 Qc7 16. Nde2 Nh5 17. Be3 Rad8 18. Qd2 Kh7 19. Rbd1 Bc8 20. Kg1 b6 21. Bf2 Nf6 {1-0 (44) Sjugirov,S (2625)-Kurnosov,I (2663) Tyumen 2012}) 13. b4 Ne6 14. Be3 Nxd4 $146 {Weiß steht etwas besser.} ({Vorgänger:} 14... Nd7 15. Rc1 Nxd4 16. Bxd4 Bxd4 17. Qxd4 Ne5 18. Nd5 Bxh3 19. f4 Bxg2 20. fxe5 dxe5 {1-0 (39) Ardiansyah,H (2450)-Hresc,V (2490) Polanica Zdroj 1983}) 15. Bxd4 Be6 16. Nd5 a3 17. Rc1 Nd7 18. Bxg7 Kxg7 19. Qd4+ f6 20. Ne3 Ra4 21. Qc3 c5 22. bxc5 $1 Nxc5 23. Red1 Bf7 24. Rd4 Qb6 25. Rc2 {[%cal Bc1c2,Bc2d2,Bd2d1][%mdl 32]} Qc7 26. Rcd2 Ra6 27. Kh2 Qe7 28. Rd1 h5 29. h4 Qe5 30. Qb4 Qe7 31. Qb5 Rc8 32. Nd5 Bxd5 33. cxd5 Qd7 34. Qe2 {[#] Lh3 ist eine echte Drohung.} (34. Qb1 {with more complications.} Rca8 35. Bf1 Ra5 36. Bd3 Qe8 37. Kg2) 34... Re8 {Die Stellung ist ausgeglichen.} 35. R1d2 Ra4 36. Qe3 Qb5 37. f3 Rxd4 38. Qxd4 Ra8 39. Qe3 Qe8 40. f4 b5 41. Rd4 Ra7 42. Rb4 (42. Qc3 {is interesting.} Re7 43. Qf3 Ra7 44. Qe3 Kg8 45. Rb4) 42... Re7 43. Qxa3 Nxe4 44. Bxe4 Rxe4 45. Rxe4 Qxe4 46. Qxd6 Qe2+ {Precision: Weiß = 70%, Schwarz = 62%.} 1/2-1/2

[Event "Almaty Open 2018"]
[Site "Almaty"]
[Date "2018.10.16"]
[Round "1"]
[White "Hamitevici, Vladimir"]
[Black "Igambergenov, Alibek"]
[Result "1-0"]
[WhiteElo "2505"]
[BlackElo "2253"]
[Annotator "TA"]
[PlyCount "108"]
[EventDate "2018.10.16"]
[EventType "swiss"]
[EventCountry "KAZ"]
[SourceTitle "playchess.com"]
[Source "ChessBase"]
[SourceQuality "1"]

{[%evp 17,108,-15,-30,-72,-70,-83,-62,-71,-54,-80,-37,-47,-41,-54,-23,-14,-16,-10,0,-51,-46,-51,56,38,51,58,62,52,78,77,78,78,74,74,148,125,140,134,184,189,205,206,471,456,622,606,729,735,735,734,708,728,843,823,866,866,856,847,856,841,851,827,942,942,918,908,1056,1018,1390,1250,1174,1130,1448,1363,1334,1268,12794,11347,6250,6309,29979,7100,29986,29983,29984,29979,29984,29985,29985,29983,29981,29984,29983]} 1. g3 Nf6 2. Bg2 d5 3. Nf3 g6 4. b3 Bg7 5. Bb2 O-O 6. O-O c5 7. c4 d4 8. b4 Re8 {A05: Réti Opening: 1 Nf3 Nf6} (8... Nc6 9. b5 Na5 10. d3 Qc7 11. Nbd2 e5 12. Ng5 h6 13. Nge4 Nxe4 14. Nxe4 Be6 15. Nd2 Rae8 16. Nb3 Nxb3 17. axb3 {1-0 (45) Artemiev,V (2653)-Li,C (2720) Doha 2016}) 9. d3 e5 {LiveBook: 18 Games} 10. Nbd2 cxb4 {Black is better.} 11. a3 bxa3 12. Bxa3 {[#]} h6 $1 13. Ne1 $146 ({Predecessor:} 13. Rb1 Nc6 14. Nb3 e4 15. Ne1 b6 16. dxe4 Nxe4 {0-1 (24) Vaishali,R (2312)-Khanin,S (2436) Voronezh 2017}) 13... Qc7 14. Qb3 Nc6 15. Nc2 Bd7 16. Rfb1 b6 17. Nb4 Rad8 18. Na6 (18. Nd5 $11 Nxd5 19. cxd5) 18... Qc8 $15 {Hoping for ...Na5.} 19. Bd6 {[#] next Nc7 is good for White.} Bh3 (19... e4 $1 $15 {[%mdl 512]} 20. Nxe4 Nxe4 21. Bxe4 Bf5) 20. Bc7 $1 $36 {[%mdl 2048] White is pushing.} Bxg2 21. Bxd8 Na5 22. Rxa5 $1 bxa5 23. Bxf6 Bxf6 24. Kxg2 Qxa6 25. Qa4 Re6 (25... Kf8 $142) 26. Rb8+ Kg7 27. Ne4 Qc6 28. Qxa5 Be7 {aiming for ...f5.} 29. Qxa7 f5 $2 (29... Qa6 30. Rb7 Qxa7 31. Rxa7 Kf8) 30. Rb7 $18 Kf7 31. Rc7 fxe4 32. Rxc6 Rxc6 {[%mdl 4096] Endgame KQ-KRB} 33. Qb7 Rc5 34. Qxe4 Bf6 35. h4 h5 36. Qb7+ Be7 37. Qa7 Rc6 38. Qa8 Rc5 39. Kf3 Bf6 40. Ke4 Be7 41. e3 dxe3 42. fxe3 Kg7 43. Qa7 Kf8 44. Qa6 Kf7 45. d4 exd4 46. exd4 Rf5 47. c5 Rf6 48. Qc4+ Ke8 49. Qb5+ (49. d5 $142 Kd8 50. Qb4 Ke8 51. d6 Kf7 52. dxe7 Re6+ 53. Kd4 Rxe7 54. c6) 49... Kd8 50. Qb8+ {White mates.} Kd7 51. Qa7+ Kd8 52. d5 {[%cal Bd4d5,Bd5d6][%mdl 32]} Ke8 53. Qb8+ Kf7 54. d6 Re6+ {Precision: White = 71%, Black = 32%.} 1-0

[Event "Almaty Open 2018"]
[Site "Almaty"]
[Date "2018.10.16"]
[Round "1"]
[White "Zubarev, Alexander"]
[Black "Jumanov, Elbek"]
[Result "1-0"]
[WhiteElo "2490"]
[BlackElo "2243"]
[Annotator "TA"]
[PlyCount "47"]
[EventDate "2018.10.16"]
[EventType "swiss"]
[EventCountry "KAZ"]
[SourceTitle "playchess.com"]
[Source "ChessBase"]
[SourceQuality "1"]

{[%evp 21,47,38,65,37,41,27,44,-39,29,-64,138,153,141,131,166,128,157,149,169,197,459,478,1625,1657,29985,29986,29986,29987]} 1. e4 c5 2. Nf3 e6 3. d4 cxd4 4. Nxd4 Nf6 5. Nc3 d6 6. g4 h6 7. Rg1 Nc6 8. Be3 a6 9. h4 {B81: Sicilian Scheveningen: Keres Attack} h5 10. gxh5 Nxh5 (10... Rxh5 11. Bg5 Rh8 12. Be2 Bd7 13. Qd2 Qb6 14. Nb3 Qc7 15. O-O-O b5 16. a3 Rb8 {½-½ (49) Bacrot,E (2697)-Ivanchuk,V (2726) Berlin 2015}) 11. Bg5 Nf6 {LiveBook: 4 Games} 12. Qd2 Qc7 13. O-O-O Bd7 {[#]} 14. f4 $146 (14. Nxc6 $14 Bxc6 15. Bg2) ({Predecessor:} 14. Bh3 Ne5 15. f4 Nc4 16. Qd3 O-O-O 17. b3 Na5 18. f5 Re8 19. fxe6 fxe6 20. Nce2 Nc6 21. Nxc6 Qxc6 {½-½ (49) Ljubojevic,L (2615)-Sax,G (2535) Biel 1985}) 14... b5 (14... Nxd4 $1 $15 15. Qxd4 d5 $1 {[%mdl 512]} 16. exd5 Bc5) 15. Bxb5 ({White should play} 15. Nxc6 $11 Bxc6 16. e5 dxe5 17. fxe5 Qxe5 18. Kb1) 15... Nxd4 $2 (15... axb5 $15 {stays ahead.} 16. Ndxb5 Qb8) 16. Bxd7+ $16 Nxd7 17. Qxd4 f6 {[#]} 18. f5 $1 {[%cal Bf4f5,Bf5e6][%mdl 32]} fxg5 19. fxe6 Ne5 20. Nd5 {[%mdl 1024] White has strong compensation.} Qc6 $2 (20... Qc4 {was worth a try.}) 21. Rg3 $18 {Threatens to win with Rc3.} Rc8 (21... Qc5 $142 22. Qxc5 (22. Rxg5 $2 Qxd4 23. Rxd4 Nf3 $19) 22... dxc5 23. Nc7+ (23. hxg5 Bd6 $15) 23... Ke7) 22. Rc3 Qb7 23. Qa7 Qb8 24. Rf1 {Precision: White = 63%, Black =  9%.} 1-0

[Event "Almaty Open 2018"]
[Site "Almaty"]
[Date "2018.10.16"]
[Round "1"]
[White "Davletbayeva, Madina"]
[Black "Fier, Alexandr"]
[Result "0-1"]
[WhiteElo "2301"]
[BlackElo "2558"]
[Annotator "TA"]
[PlyCount "75"]
[EventDate "2018.10.16"]
[EventType "swiss"]
[EventCountry "KAZ"]
[SourceTitle "playchess.com"]
[Source "ChessBase"]
[SourceQuality "1"]

{[%evp 12,75,32,16,25,22,31,25,65,16,16,20,22,18,31,19,3,0,0,0,0,0,7,-15,-18,0,0,-87,-79,-92,-62,-92,-79,-77,-85,-93,-70,-98,-111,-118,-60,-65,-68,-101,-108,-116,-110,-140,-114,-247,-219,-177,-169,-220,-211,-218,-220,-797,-291,-1167,-1136,-1136,-1018,-1009,-1008,-29991]} 1. e4 c5 2. c3 d5 3. exd5 Qxd5 4. d4 Nf6 5. Nf3 e6 6. Be2 Be7 7. O-O cxd4 {B22: Sicilian: 2 c3} (7... O-O 8. c4 Qd8 9. Nc3 Nc6 10. dxc5 Bxc5 11. Bf4 Qe7 12. Ne5 Nxe5 13. Bxe5 Rd8 14. Qc2 b6 15. Bf3 Bb7 16. Bxb7 Qxb7 17. Bxf6 gxf6 18. Rad1 f5 19. Rxd8+ Rxd8 {½-½ (27) Riazantsev,A (2651)-Vitiugov,N (2721) Novosibirsk 2016}) 8. Nxd4 O-O 9. Bf3 Qa5 {White has an edge.} 10. Nd2 $146 {[%cal Bb1d2,Bd2c4,Bc4e5][%mdl 32]} ({Predecessor:} 10. Re1 Rd8 11. Nd2 Qc7 12. Qe2 Bd7 13. Nb5 Bxb5 14. Qxb5 Nc6 15. Bxc6 bxc6 {½-½ (22) Werner,C (2315)-Stoll,F (2260) Germany 2004}) 10... a6 11. Re1 Qc7 12. Qe2 Bd7 13. Nc4 Nc6 14. Nxc6 Bxc6 15. Bxc6 Qxc6 16. Ne5 Qa4 17. Bg5 h6 18. b3 Qa5 19. Bh4 (19. Bd2 $11) 19... Qxc3 $17 20. Rac1 Qb4 21. Rc4 Qb5 22. Ng4 Qf5 23. h3 Rfe8 {[%cal Bf8e8,Be8e7,Be7c7][%mdl 32]} 24. Qb2 Nxg4 25. Rxg4 {[%csl Gg4][%cal Rb2g7] [#]} g6 (25... g5 $17 {Hoping for ...Rac8.} 26. Bg3 Red8) 26. Bxe7 $15 Rxe7 27. Re5 Qf6 28. Qd4 Rc7 29. h4 Rd8 30. Qe3 (30. Rd5 $17 {keeps fighting.} Qxd4 31. Rdxd4 Rxd4 32. Rxd4) 30... Rd1+ 31. Kh2 Rcc1 32. Rf4 (32. a4 $142) 32... Qe7 $19 33. Rfe4 Kg7 34. h5 $2 {[#]} (34. Qf4) 34... g5 $2 (34... Rh1+ 35. Kg3 Qc7 36. hxg6 f6) 35. g3 $2 (35. Rc4 Rh1+ 36. Kg3 Rxc4 37. bxc4) 35... Rh1+ {Black is clearly winning.} 36. Kg2 Rcg1+ 37. Kf3 Qf6+ 38. Rf5 {Precision: White = 35%, Black = 60%.} 0-1

[Event "Almaty Open 2018"]
[Site "Almaty"]
[Date "2018.10.16"]
[Round "1"]
[White "Serikbay, Chingiz"]
[Black "Burmakin, Vladimir"]
[Result "1/2-1/2"]
[WhiteElo "2284"]
[BlackElo "2523"]
[Annotator "TA"]
[PlyCount "114"]
[EventDate "2018.10.16"]
[EventType "swiss"]
[EventCountry "KAZ"]
[SourceTitle "playchess.com"]
[Source "ChessBase"]
[SourceQuality "1"]

{[%evp 14,114,43,35,63,56,66,7,25,29,18,-8,-8,-25,-14,-2,-9,-23,12,-10,21,-19,-16,-16,-6,-14,6,0,15,6,38,16,43,53,42,51,54,41,57,0,0,0,0,0,0,0,1,0,0,0,0,0,0,0,26,32,40,0,0,0,0,-9,-7,-12,-15,-15,6,6,12,13,8,0,7,-8,0,-8,-8,-34,-26,-34,-22,-26,-23,-27,-28,-36,-10,-11,-10,-16,-16,-16,-8,-8,0,-8,-8,-8,0,-8,8,8,8]} 1. Nf3 d5 2. g3 c6 3. Bg2 Nf6 4. O-O Bf5 5. c4 e6 6. d4 Nbd7 7. Nc3 Be7 8. Nh4 Be4 {D11: Slav Defence: 3 Nf3 sidelines and 3...Nf6 4 e3 Bg4} (8... Bg4 9. h3 Bh5 10. Qb3 Qb6 11. c5 Qa6 12. g4 Bg6 13. g5 Nh5 14. e4 dxe4 15. Nxe4 O-O 16. Be3 {0-1 (37) Stupak,K (2505)-Potkin,V (2665) Moscow 2013}) 9. f3 Bg6 $1 10. Qb3 (10. cxd5 $14 cxd5 11. e4) 10... Qb6 11. Nxg6 hxg6 12. c5 (12. Rd1 {feels hotter.} dxc4 13. Qxc4 e5 14. Be3 exd4 15. Bxd4 Ne5 16. Qb3) 12... Qa6 $146 ({Predecessor:} 12... Qc7 13. e4 dxe4 14. Nxe4 Nd5 15. Bg5 N7f6 16. Nd6+ Bxd6 17. cxd6 {0-1 (54) Sohib,O (2115)-Hilwani,T (2344) Sharjah 2014}) 13. Qa4 (13. Bg5 {is interesting.} Kf8 14. e4 dxe4 15. Nxe4 b6 16. cxb6 axb6 17. Qc2) 13... Qxa4 14. Nxa4 e5 15. e3 O-O 16. Bd2 b5 17. cxb6 axb6 18. Nc3 Rfe8 19. Rfc1 Bd6 20. Kf1 Nb8 21. Rc2 Rd8 22. Ne2 c5 23. dxe5 Bxe5 24. f4 Bd6 25. Nc3 Bf8 26. g4 (26. Rd1 $14) 26... Nc6 $11 27. g5 Nb4 28. Rcc1 Ne8 $1 29. Ke2 Nc7 30. a3 Nc6 31. Be1 Rd6 32. f5 {[#] aiming for Bg3.} Re8 33. Bg3 {Strongly threatening fxg6.} Ne5 (33... Nd4+ $5 34. Kf2 Nxf5 35. Bxd6 Bxd6 36. Nxd5 Bxh2 $11) 34. fxg6 fxg6 35. Rd1 {[%cal Rc3d5]} d4 36. Ne4 Rd7 37. exd4 cxd4 38. Bxe5 Rxe5 39. Kd3 Ne6 {[#] Threatens to win with ...Nf4+.} 40. Rf1 Nxg5 41. Nxg5 Rxg5 42. Bh3 Rd8 43. Be6+ Kh7 44. Rae1 Rg2 45. b4 (45. Rf3 $5 {[%cal Rf3h3]} Rxh2 46. Rh3+ Rxh3+ 47. Bxh3 $11) 45... Rxh2 46. Rh1 {[%cal Rh1h2]} Rh5 47. Bf7 Ra8 48. Reg1 Rxa3+ 49. Kxd4 Rh6 {With the idea ...g5.} (49... Rhh3 {seems wilder.} 50. Bxg6+ Kh6 51. Be4 g5 52. Bf5 Rxh1 53. Rxh1+ Kg7) 50. Bxg6+ {The position is equal.} Kh8 51. Rxh6+ gxh6 {[%mdl 4096] Endgame KRB-KRB} 52. Kc4 Rh3 53. Rg4 h5 54. Re4 Kg7 55. Be8 h4 56. Kb5 Rb3 57. Rxh4 Rxb4+ {Precision: White = 37%, Black = 51%.} 1/2-1/2

[Event "Almaty Open 2018"]
[Site "Almaty"]
[Date "2018.10.16"]
[Round "1"]
[White "Primbetov, Marat"]
[Black "Mirzoev, Azer"]
[Result "1-0"]
[WhiteElo "2266"]
[BlackElo "2508"]
[Annotator "TA"]
[PlyCount "143"]
[EventDate "2018.10.16"]
[EventType "swiss"]
[EventCountry "KAZ"]
[SourceTitle "playchess.com"]
[Source "ChessBase"]
[SourceQuality "1"]

{[%evp 16,143,35,5,36,0,24,22,27,25,37,43,45,14,12,12,16,8,58,52,38,27,20,0,27,27,29,13,8,11,31,22,20,-11,0,0,0,0,21,0,16,16,16,25,43,34,47,0,6,0,16,22,65,22,37,29,62,30,85,77,98,17,108,108,108,108,108,108,129,151,138,82,108,108,165,100,180,180,180,180,180,180,187,180,460,459,458,422,420,418,385,358,359,355,321,343,315,305,643,689,701,668,755,740,6164,11441,5820,4977,12833,12831,12839,12839,12839,12839,12840,12840,12838,12838,12843,12843,29984,29983,29985,29984,29984,29985,29985,29986,29987,29988]} 1. e4 e5 2. Nf3 Nc6 3. Bb5 a6 4. Ba4 Nf6 5. d3 d6 6. c3 Bd7 7. Nbd2 g6 8. O-O Bg7 9. d4 {LiveBook: 12 Games} b5 {C77: Ruy Lopez: 3...a6 4 Ba4 Nf6, unusual lines} (9... O-O 10. dxe5 dxe5 11. Bxc6 Bxc6 12. Nxe5 Bxe4 13. Nxe4 Nxe4 14. Nf3 Qxd1 15. Rxd1 Nc5 16. Bf4 Na4 17. Bxc7 Nxb2 {½-½ (101) Xu,Y (2350)-Diu,V (2427) Ho Chi Minh City 2016}) 10. dxe5 dxe5 11. Bc2 O-O {The position is equal.} 12. Nb3 $146 ({Predecessor:} 12. a4 Be6 13. Qe2 Nh5 14. Rd1 Nf4 15. Qf1 b4 16. Nc4 Qf6 17. Bxf4 Qxf4 {0-1 (45) Kalyoncuoglu,O (1885)-Currie,R (1809) IECG email 2002}) 12... Be6 13. Be3 Nd7 14. Nc5 Nxc5 15. Bxc5 Re8 16. Qc1 h6 17. Rd1 Qc8 18. Bb3 Na5 19. Bd5 c6 20. Bxe6 Qxe6 21. b3 Nb7 22. Be3 Kh7 23. Qc2 Bf8 24. a4 Nc5 25. Bxc5 Bxc5 26. b4 Bb6 27. Qa2 Kg7 28. Qxe6 Rxe6 29. Kf1 Ra7 30. Ke2 Rc7 31. axb5 cxb5 32. Ra3 Ba7 33. Rd5 f6 34. h3 Kf7 35. g4 Rec6 36. Rd3 Rc4 (36... Ke8 $11 {keeps the balance.}) 37. Nd2 $1 $16 {[%cal Rd2c4]} R4c6 38. Nf1 ({White should play} 38. h4 $1 $16) 38... Ke6 (38... Rc4 $1 $11) 39. Ng3 Rd7 40. Rxd7 Kxd7 {[%mdl 4096] Endgame KRB-KRN} 41. h4 Bb8 42. h5 gxh5 43. Nxh5 ({White should try} 43. gxh5 {Hoping for Nf5.} Bd6 44. Nf5) 43... Ke6 44. Ng7+ Kf7 (44... Kd7 $16 {is a better defense.} 45. Nf5 Bd6) 45. Nf5 $18 Bd6 (45... Bc7 $16) 46. Nxh6+ Kg6 47. Nf5 Kg5 48. f3 Bf8 49. Ne3 a5 $2 (49... Bd6 50. Nd5 Kg6) 50. Rxa5 Rxc3 51. Rxb5 Rb3 52. Nd5 Rb2+ 53. Ke3 Rb3+ 54. Kf2 Kh4 55. Rb6 Rb2+ 56. Ke1 Bh6 $2 (56... Bg7 57. Ne7 Kg5) 57. Rxf6 Bd2+ {[#]} 58. Kd1 $1 Kg3 59. Rf5 Bf4 60. Nxf4 exf4 {KR-KR} 61. e5 Kxf3 62. e6 Rb1+ 63. Kd2 Rb2+ 64. Kd3 Rb3+ 65. Kc4 Re3 {[#]} 66. Kd5 $1 Kxg4 67. Re5 {Rxe3 would kill now.} Rxe5+ 68. Kxe5 {White mates.} f3 69. e7 f2 70. e8=Q f1=Q 71. Qg6+ Kh3 72. Qf5+ {Precision: White = 59%, Black = 29%.} 1-0

[Event "Almaty Open 2018"]
[Site "Almaty"]
[Date "2018.10.16"]
[Round "1"]
[White "Primbetov, Kazbek"]
[Black "Khegay, Dmitriy"]
[Result "0-1"]
[WhiteElo "2251"]
[BlackElo "2499"]
[Annotator "TA"]
[PlyCount "86"]
[EventDate "2018.10.16"]
[EventType "swiss"]
[EventCountry "KAZ"]
[SourceTitle "playchess.com"]
[Source "ChessBase"]
[SourceQuality "1"]

{[%evp 13,86,-42,-37,-56,-25,-42,27,-20,-24,-48,0,-18,0,-6,-17,0,26,-45,-43,-35,-34,-37,-33,-61,-40,-307,-275,-264,-272,-314,-100,-82,0,0,0,0,0,0,0,0,9,0,0,-552,-552,-525,-514,-572,-522,-525,-523,-521,-514,-492,-486,-493,-483,-453,-421,-385,-395,-380,-358,-341,-337,-557,-562,-872,-766,-893,-943,-1119,-1115,-893,-881]} 1. e4 {[%cal Be2e4,Be4e5][%mdl 32]} e6 2. d4 d5 3. e5 c5 4. c3 Nc6 5. Nf3 Bd7 6. a3 f6 7. b4 fxe5 8. dxe5 {C02: French: Advance Variation} Qc7 9. Bf4 O-O-O ({Black should try} 9... c4 $15) 10. Bd3 {White has an edge.} h6 11. h4 Be8 (11... Nf6 $5) 12. Nbd2 $146 ({Predecessor:} 12. h5 Nge7 13. Qe2 g5 14. hxg6 Nxg6 15. Bg3 Bg7 {0-1 (55) Alavkin,A (2401)-Lysyj,I (2628) St Petersburg 2012}) 12... Nge7 {[%cal Bg8e7,Be7d5,Bd5c3,Bc3d1][%mdl 32]} 13. Qb1 c4 $36 {[%mdl 2048] Black has the initiative.} 14. Bc2 d4 15. b5 (15. Nxc4 $11 Kb8 16. Nd6) 15... d3 $15 16. bxc6 Bxc6 17. Bd1 Nd5 $1 {[%csl LRc3,LRf4]} 18. Bg3 Nxc3 19. Qb2 $2 {[%mdl 8192]} ({Only move:} 19. Qc1 $1 $15 Nxd1 20. Qxc4 Bxf3 21. Qxe6+ Kb8 22. gxf3) 19... Nxd1 $19 20. Rxd1 {[#]} Bxf3 $1 21. Nxf3 Qa5+ $2 (21... c3 $19 {is more deadly.} 22. Qb3 c2) 22. Qd2 $17 Qxd2+ (22... Qxa3 $17 23. Rc1 b5) 23. Kxd2 $11 Bxa3 {Threatens to win with ...Bb4+.} 24. Kc3 b5 {[%cal Bb7b5,Bb5b4,Bb4a3,Ba3a2][%mdl 32] Hoping for ...a5.} 25. Ra1 a5 26. Rxa3 b4+ 27. Kxc4 bxa3 28. Nd4 $2 {[%mdl 8192]} (28. Bf4 $11 {and White is okay.}) 28... d2 $19 29. Rd1 a2 30. Nc2 Kb7 31. Kb3 Rd3+ 32. Kxa2 Rc8 33. Ne3 Rc1 34. Kb2 {[#]} Rxe3 $1 {[%mdl 512]} 35. Rxd2 {[%mdl 4096] Endgame KRR-KRB} (35. fxe3 Rxd1) 35... Rec3 36. Bf4 {Black must now prevent Re2.} Rc7 37. Be3 R1c6 38. Rd8 Ka6 39. Ra8+ $2 (39. Bd2) 39... Kb5 {Black is clearly winning.} 40. h5 Ka4 {Strongly threatening ...Rb7+.} 41. Rb8 Rc4 42. Rd8 Rb4+ 43. Ka1 Rc3 {Precision: White = 40%, Black = 56%.} 0-1